<?xml version="1.0" encoding="UTF-8"?>
<marc:record xmlns:marc="http://www.loc.gov/MARC21/slim">
   <marc:leader>00000nam a2200000 a 4500</marc:leader>
   <marc:datafield ind1=" " ind2=" " tag="653">
      <marc:subfield code="a">Musik</marc:subfield>
   </marc:datafield>
   <marc:datafield ind1="0" ind2="0" tag="245">
      <marc:subfield code="a">Foxtrott.</marc:subfield>
   </marc:datafield>
   <marc:datafield ind1=" " ind2="1" tag="264">
      <marc:subfield code="a">München</marc:subfield>
      <marc:subfield code="b">Hanser</marc:subfield>
      <marc:subfield code="c">2003</marc:subfield>
   </marc:datafield>
   <marc:datafield ind1="1" ind2=" " tag="520">
      <marc:subfield code="a">Mama und Papa Fuchs freuen sich nicht so recht über ihren musikalischen Nachwuchs. Gar zu ausdauernd und laut trötet, trommelt und singt ihre Tochter Foxtrott. Und das sogar bei der Jagd! Die Eltern Fuchs sind ganz schön sauer - bis der Jäger alle drei beim Hühnerstehlen erwischt und nur der Gesang der kleinen Foxtrott ihn milde stimmen kann. Nach dieser Geschichte wissen es sogar die Füchse: Musik ist doch zu etwas nütze.</marc:subfield>
   </marc:datafield>
   <marc:datafield ind1=" " ind2=" " tag="041">
      <marc:subfield code="a">ger</marc:subfield>
   </marc:datafield>
   <marc:datafield ind1=" " ind2=" " tag="338">
      <marc:subfield code="a">Band</marc:subfield>
   </marc:datafield>
</marc:record>
